00732cam a22001934a 45000010009000000050017000090080041000260200015000670200018000820500024001000820018001242450071001422600045002133000028002584400046002866500044003328560087003768560075004631292305720251105173457.0020909s2003 nyu b 001 0 eng  a0078298776 a978007829877600aT10.5 b.T4135 200300a808/.066622100aTechnical communications :b10 ways to manage technical documents. aNew York :bGlencoe/McGraw-Hill,cc2003. axviii, 206 p. ;c28 cm. 0aGlencoe professional communication series 0aCommunication of technical information.423Publisher descriptionuhttp://www.loc.gov/catdir/description/mh031/2002014580.html413Table of contentsuhttp://www.loc.gov/catdir/toc/mh031/2002014580.html